[Event "NED-ch U14"]
[Site "Assen"]
[Date "2017.04.25"]
[Round "4"]
[White "Pham, Khoi"]
[Black "Paays, Dominggus"]
[Result "1-0"]
[WhiteElo "1870"]
[BlackElo "1531"]
[PlyCount "43"]
[EventDate "2017.04.23"]
[EventType "swiss"]
[EventRounds "9"]
[EventCountry "NED"]
[SourceTitle "CBM 178 Extra"]
[Source "ChessBase"]
[SourceDate "2017.06.22"]
[SourceVersion "1"]
[SourceVersionDate "2017.06.22"]
[SourceQuality "1"]

1. e4 c5 2. Nf3 Nc6 3. d4 cxd4 4. Nxd4 g6 5. Nc3 Bg7 6. Be3 Nf6 7. Bc4 0-0 8. Bb3 a5 9. f3 d5 10. Bxd5 Nxd5 11. Nxd5 f5 12. Nxc6 bxc6 13. Nb6 Rb8 14. Qxd8 Rxd8 15. Rd1 Rxd1+ 16. Kxd1 Bxb2 17. Nxc8 Rxc8 18. exf5 gxf5 19. Ke2 Rd8 20. Rb1 Bc3 21. Rb3 Bd4 22. Rd3 1-0

[Event "Murmansk Basamro U16 4th"]
[Site "Murmansk"]
[Date "2016.10.07"]
[Round "3.3"]
[White "Kirakosyan, Ashot"]
[Black "Paays, Dominggus"]
[Result "1-0"]
[WhiteElo "1920"]
[BlackElo "1566"]
[PlyCount "73"]
[EventDate "2016.10.06"]
[EventType "team-tourn"]
[EventRounds "5"]
[EventCountry "RUS"]
[SourceTitle "EXT 2017"]
[Source "ChessBase"]
[SourceDate "2016.10.25"]
[SourceVersion "1"]
[SourceVersionDate "2016.10.25"]
[SourceQuality "1"]
[WhiteTeam "Novorossiisk"]
[BlackTeam "Rotterdam"]
[WhiteTeamCountry "RUS"]
[BlackTeamCountry "NED"]

1. e4 c5 2. Nf3 g6 3. d4 cxd4 4. Nxd4 Nc6 5. Nc3 Bg7 6. Be3 Nf6 7. Nxc6 bxc6 8. e5 Ng8 9. Bd4 Nh6 10. e6 0-0 11. Bxg7 Kxg7 12. Qd4+ f6 13. exd7 Qxd7 14. Qf4 Qe6+ 15. Be2 Ba6 16. 0-0-0 Bxe2 17. Rhe1 Qg4 18. Nxe2 e5 19. Qe3 Qe6 20. Kb1 Nf7 21. Qc5 Rfd8 22. Rxd8 Rxd8 23. Qxa7 Qd5 24. Nc3 Qxg2 25. a4 Qxh2 26. a5 h5 27. a6 h4 28. Qb6 Qg2 29. a7 h3 30. Qxd8 Nxd8 31. a8Q Qxf2 32. Rd1 h2 33. Qxd8 Qg2 34. Qe7+ Kh6 35. Qxf6 Kh7 36. Rd7+ Kh6 37. Qh4# 1-0

[Event "Leiden op-A 10th"]
[Site "Leiden"]
[Date "2016.07.22"]
[Round "7"]
[White "Geboers, Jimmy"]
[Black "Paays, Dominggus"]
[Result "0-1"]
[WhiteElo "1909"]
[BlackElo "1402"]
[PlyCount "88"]
[EventDate "2016.07.15"]
[EventType "swiss"]
[EventRounds "9"]
[EventCountry "NED"]
[SourceTitle "CBM 173 Extra"]
[Source "ChessBase"]
[SourceDate "2016.08.29"]
[SourceVersion "1"]
[SourceVersionDate "2016.08.29"]
[SourceQuality "1"]

1. d4 Nf6 2. c4 g6 3. Nc3 Bg7 4. e4 d6 5. f4 0-0 6. Nf3 c5 7. dxc5 dxc5 8. Bd3 Nc6 9. e5 Nd7 10. Be3 Qa5 11. Qa4 f5 12. Qxa5 Nxa5 13. Nd5 Nc6 14. Nc7 Rb8 15. Ne6 Ndxe5 16. fxe5 Bxe6 17. Bxc5 Bxe5 18. 0-0-0 Bf6 19. Rhe1 Bf7 20. b3 Rfe8 21. Bc2 Rbd8 22. Rxd8 Rxd8 23. Ba3 e5 24. Bb2 Re8 25. Rd1 Kg7 26. Rd7 e4 27. Bxf6+ Kxf6 28. Ng5 Kxg5 29. Rxf7 Re7 30. Rxe7 Nxe7 31. Kd2 Kf4 32. b4 Ke5 33. Kc3 f4 34. b5 g5 35. Bb3 g4 36. c5 f3 37. gxf3 gxf3 38. Bd1 Nd5+ 39. Kd2 e3+ 40. Ke1 f2+ 41. Kf1 Nc3 42. Bf3 Ne4 43. Bxe4 Kxe4 44. Ke2 Kd5 0-1

[Event "NED-ch U14"]
[Site "Rotterdam"]
[Date "2016.05.06"]
[Round "8"]
[White "Paays, Dominggus"]
[Black "Nawijn, Thijmen"]
[Result "1/2-1/2"]
[WhiteElo "1174"]
[BlackElo "1426"]
[PlyCount "75"]
[EventDate "2016.04.29"]
[EventType "swiss"]
[EventRounds "9"]
[EventCountry "NED"]
[SourceTitle "CBM 172 Extra"]
[Source "ChessBase"]
[SourceDate "2016.06.21"]
[SourceVersion "1"]
[SourceVersionDate "2016.06.21"]
[SourceQuality "1"]

1. d4 Nf6 2. c4 g6 3. Nc3 Bg7 4. e4 d6 5. f4 0-0 6. Nf3 Na6 7. Be2 e5 8. fxe5 dxe5 9. d5 Nc5 10. Qc2 Ne8 11. Be3 Nd7 12. 0-0 b6 13. Rad1 Nd6 14. Bd3 Ba6 15. Nd2 Nf6 16. Bg5 h6 17. Bh4 g5 18. Bg3 Nh5 19. Bf2 Nf4 20. g3 Nh3+ 21. Kg2 g4 22. Be3 Qe8 23. Qa4 Bc8 24. Qxe8 Rxe8 25. Nb5 Re7 26. Nxd6 cxd6 27. b4 Ba6 28. Nb1 Rc8 29. b5 Bb7 30. Na3 Rf8 31. Nc2 Bc8 32. Bd2 Rd7 33. Ne3 Ng5 34. Nxg4 Rdd8 35. Bxg5 hxg5 36. Ne3 f6 37. Nf5 Rf7 38. Rf2 1/2-1/2